000 00667nam a2200277Ia 4500
005 20260324140844.0
008 008 260324s9999 xx 000 0 eng d
020 _a9780429243325
037 _aEBOOK
040 _aCRL
040 _beng
040 _cCRL
041 _2eng
041 _aeng
084 _qCRL
100 _aUta-Renata Blumenthal
_91205988
245 0 _aPapal Reform and Canon Law in the 11th and 12th Centuries
260 _bTaylor and Francis
260 _c1998
365 _a
365 _b180
856 _uhttp://www.taylorfrancis.com/books/9780429243325
942 _cEBOOK
999 _c1808484
_d1808484